| 000 | 00577nam a22001937a 4500 | ||
|---|---|---|---|
| 005 | 20170531142110.0 | ||
| 010 | _aENG-118480 | ||
| 020 |
_a9789382968610 _c495.00 |
||
| 035 | _aEN-102012 | ||
| 037 | _bDBAD/PUB | ||
| 082 | _a307.77235 | ||
| 100 | _aVeeranna,G. | ||
| 245 |
_aLambadi tribes leadership in telangana / _cby G. Veeranna |
||
| 260 |
_aNew Delhi _bAvni Publications _c2017 |
||
| 270 |
_aRZ-45D,Street N0-2,Main Sagarpur _bNew Delhi _e110046 |
||
| 300 |
_axiii,127p. _c22cm(Hb) |
||
| 500 | _aIncludes index | ||
| 942 |
_2ddc _cEN _mVEE _h307.77235 |
||
| 999 |
_c140616 _d140616 |
||